• 首页
  • 本馆介绍
  • 公告通知
  • 最新文献
  • 馆藏检索
  • 电子资源
  • 读者导购
  • 参考咨询
  • 我的图书馆
  • 登录
  • 详细信息显示
  • 放入我的书架
  • 预约/预借图书
  • 作者相关作品
  • 分类相关作品
  • 丛书相关作品
  • 出版社相关作品

书目信息

  • 表格格式
  • 工作单格式
  • 卡片格式
题名:
简化太极拳
    
 
作者: ;中华人民共和国体育运动委员会运动司 编
分册:  
出版信息: 北京   人民体育出版社  1973
页数: 30页
开本: 19cm
丛书名: 体育锻炼方法丛书
单 册:
中图分类: G852.11
科图分类: 39.982
主题词: 简化太极拳
电子资源:
ISBN:
000 00903nam0 2200277 45
001 0193037802
005 20070802101059.32
010    @dCNY0.12
091    @a7015.1327
092    @a社科302-223
100    @a19930908d1973 em y0chiy0121 ea
101 2  @achi@aeng
102    @aCN@b110000
102    @aCN@b110000
105    @af z 000yy
200 10 @a简化太极拳@Ajian hua tai ji quan@f中华人民共和国体育运动委员会运动司编@Fzhong hua ren min gong he guo ti yu yun dong wei yuan hui yun dong si bian
210    @a北京@c人民体育出版社@d1973
215    @a30页@c图@d19cm
225 2  @a体育锻炼方法丛书
410  0 @12001 @a体育锻炼方法丛书
606    @a简化太极拳
690    @aG852.11@v3
692    @a39.982
711 02 @a中华人民共和国体育运动委员会运动司@Azhong hua ren min gong he guo ti yu yun dong wei yuan hui yun dong si@4编
801  0 @aCN@bTSSF@c20070802
905    @a10447@dG852.11@e158
    
    简化太极拳/中华人民共和国体育运动委员会运动司编.-北京:人民体育出版社,1973
    30页:图;19cm.-(体育锻炼方法丛书)
    
    
    ISBN :CNY0.12
    
●
相关链接 在E读中查询图书 在五车中查询图书 在当当中查询图书 在豆瓣中查询图书


正题名:简化太极拳     索取号:G852.11/158         预约/预借

序号 登录号 条形码 馆藏地/架位号 状态 备注
1 0790801   207908013   密集书库/ [索取号:G852.11/158] 在馆    
唐山师范学院图书馆 欢迎您!
大连网信软件有限公司© 版权所有